| Tag |
First Indicator |
Second Indicator |
Subfields |
| LEADER |
00000cam a2200000 a 4500 |
| 001 |
in00001335513 |
| 005 |
20151006051236.0 |
| 008 |
930609s1990 ilu f 001 0 eng d |
| 020 |
|
|
|z 0934165109
|
| 035 |
|
|
|a (OCoLC)28237140
|
| 035 |
|
|
|9 AHF4229AM
|
| 040 |
|
|
|a MIZ
|c MIZ
|d TXA
|d UtOrBLW
|
| 049 |
|
|
|a TXAM
|
| 090 |
|
|
|a TD1032
|b .C44 1990
|
| 100 |
1 |
|
|a Cheremisinoff, Paul N.
|
| 245 |
1 |
0 |
|a Environmental field sampling manual /
|c by Paul N. Cheremisinoff, Bruce T. Manganiello.
|
| 264 |
|
1 |
|a Des Plaines, Ill. :
|b Cahners Pub. Co.,
|c [1990]
|
| 264 |
|
4 |
|c ©1990
|
| 300 |
|
|
|a vii, 135 pages ;
|c 23 cm.
|
| 336 |
|
|
|a text
|b txt
|2 rdacontent
|
| 337 |
|
|
|a unmediated
|b n
|2 rdamedia
|
| 338 |
|
|
|a volume
|b nc
|2 rdacarrier
|
| 500 |
|
|
|a Includes index.
|
| 500 |
|
|
|a "Distributed by Gulf Publishing Co."--Label on Title page.
|
| 650 |
|
0 |
|a Hazardous wastes
|x Analysis
|x Handbooks, manuals, etc.
|
| 650 |
|
0 |
|a Environmental monitoring
|x Handbooks, manuals, etc.
|
| 700 |
1 |
|
|a Manganiello, Bruce T.
|
| 999 |
|
|
|a MARS
|
| 999 |
f |
f |
|s 2e86903c-640b-3eb8-b75d-fd335e8d967b
|i e9b8035d-912e-3f6f-b696-9961d2de9521
|t 0
|
| 952 |
f |
f |
|p ric
|a Texas A&M University
|b Rellis Campus
|c Joint Library Facility
|d Remote Storage
|t 0
|e TD1032 .C44 1990
|h Library of Congress classification
|i unmediated -- volume
|m A14821089927
|
| 998 |
f |
f |
|a TD1032 .C44 1990
|t 0
|l Remote Storage
|